Quizzes
Events
Quiz Creation
Community
Videos
Private Events
Remove Ads
Sign In
Join for FREE
Feedback
Dark Mode
Quiz Categories
Sports
Geography
Music
Movies
Television
Just For Fun
Miscellaneous
History
Literature
Language
Science
Gaming
Entertainment
Religion
Holiday
For Kids
Quiz Lab
Recent
Popular Today
Quiz Kudos Today
Editor Picks
Curator Picks
Quizzes by...
Day
Popularity
Type
Ratings
Length
Year
Community
Subscriptions
Recent Discussions
Orange Saloon
Badges
Playlists
Quests
Create
Leaderboards
Showdown
Live 5
Trivia Bingo
Activity
Puzzle Library
Sporcle Events
Private Events
Virtual Trivia
Globe League
Become a Host
Pub Owners
SporcleCon
Opinionation
Our Games
Videos
Blog
Mobile Apps
Partnerships
Remove Ads and Go Orange
Feedback
Sports
Athletes
MLB
NBA
NHL
NFL
Soccer
Sports Teams
WWE
NCAA
Football
Premier League
Basketball
Baseball
Hockey
Golf
Tennis
Cricket
Rugby
Auto Racing
Olympics
World Cup
Sports
Athletes
MLB
NBA
NHL
NFL
Soccer
Sports Teams
WWE
NCAA
Football
Premier League
Basketball
Baseball
Hockey
Golf
Tennis
Cricket
Rugby
Auto Racing
Olympics
World Cup
Random Quiz
Search Sporcle
×
Quiz Lab
Quiz Lab
Sports
Career Leaders
Type in answers that appear in a list
Type in answers that appear in a list
Classic
Best Score? Go Orange.
Dallas Cowboys Career Leaders Stats
Can you name the Dallas Cowboys Career Leaders?
By
dallastim
10m
50 Questions
330 Plays
330 Plays
330 Plays
Comments
Comments
Give Quiz Kudos
Give Quiz Kudos
-
- Ratings
hide this ad
Replay
Link that replays current quiz
Next Quiz
Link to next quiz in quiz playlist
You Got
0%
They Got
Avg Score
65%
Avg Friend Score
Upgrade to see
Score Distribution
Jump to the score distribution portion of the page
Score
0/50
Timer
10:00
0
Plays Today
% Correct
Emmitt Smith
99.1%
Emmitt Smith
99.1%
Emmitt Smith
99.1%
Troy Aikman
96.7%
Michael Irvin
96.4%
Michael Irvin
96.4%
Michael Irvin
96.4%
Tony Romo
95.5%
Roger Staubach
93.9%
Tony Dorsett
91.2%
Tony Dorsett
91.2%
Tony Dorsett
91.2%
Jason Witten
85.8%
Jason Witten
85.8%
Danny White
82.4%
Julius Jones
81.5%
Marion Barber
80.6%
Marion Barber
80.6%
Drew Pearson
74.8%
Drew Pearson
74.8%
Drew Pearson
74.8%
Drew Bledsoe
74.8%
Terrell Owens
72.1%
Don Meredith
72.1%
Quincy Carter
70.3%
% Correct
Herschel Walker
67.6%
Tony Hill
64.5%
Tony Hill
64.5%
Tony Hill
64.5%
Calvin Hill
64.2%
Calvin Hill
64.2%
Jay Novacek
63.3%
Jay Novacek
63.3%
Bob Hayes
58.5%
Bob Hayes
58.5%
Bob Hayes
58.5%
Craig Morton
54.2%
Robert Newhouse
41.8%
Daryl Johnston
40.9%
Walt Garrison
37.3%
Don Perkins
36.4%
Don Perkins
36.4%
Billy Joe DuPree
34.5%
Doug Cosbie
27.6%
Doug Cosbie
27.6%
Eddie LeBaron
22.7%
Steve Pelluer
20.9%
Ron Springs
19.1%
Frank Clarke
14.2%
Frank Clarke
14.2%
Quiz Playlist
Details
Report
Send in Message
Add To Playlist
Classic:
Type in answers that appear in a list
Quiz Source
Last Updated: Feb 16, 2017
Quiz Scoreboard
CHALLENGE
Sign Up to Join the Scoreboard
Show All
Scores
Hide
Comments
May contain spoilers
Recently Published
Presidents Visiting Landmarks
by Hejman
History
7m
An Introduction to Baseball
by treessimontrees
Sports
5m
Movies - When Are They Set?
by FPL_Elf
Movies
5m
More to Explore
Quiz From the Vault
Featured Blog Post
Where Did the Easter Bunny Come From?
hide this ad
You Might Also Like...
Tags
Career
Career Leaders
Cowboy
Dallas Cowboys
Today's Top Quizzes in Sports
Browse Sports
hide this ad
Today's Top Quizzes in Career Leaders
Browse Career Leaders
Top Contributed Quizzes in Sports
1
Les meilleurs buteurs des matchs entre le PSG et l’OM
2
2022 World Cup Stars
3
FIFA Club World Cup Champions
4
Les entraîneurs de l'OM et du PSG au 21e siècle
5
Name the Premier League winners with different clubs
6
La finale Lions - Afrique du Sud 2021
7
5-to-1: UK Sports Teams
8
England Test cricketers to play under Nasser Hussain
9
Players with Multiple 50 Home Run Seasons
10
AFC Teams Reveal (Wrong Answers Minefield)
Explore More
Trending Topics
Crossword
Marvel
Anime
Disney
Harry Potter
Kpop
NBA
Song
WWE
Pokémon
Puzzle
Country
Soccer
The Office
NFL
hide this ad
More By:
dallastim
Quiz
Plays
Rating
Category
Featured
Created
MLB Top 200 HR Leaders (Season)
116,589
4.56
Sports
Sep 26, 2011
Top 300 Hit totals (Season-Modern Era)
4,118
4.39
Sports
May 13, 2011
500 NFL Receptions
1,508
3.59
Sports
Oct 15, 2009
Top 100 Heavy Metal Albums
1,348
4.00
Music
Jan 14, 2011
Top 200 Single Season RBI Totals
959
4.78
Sports
Oct 4, 2011
Go to Creator's Profile
Score Distribution
Quiz Creator Spotlight
dallastim
Follow
Send a Message
Quizzes Created
-
Created Quiz Play Count
-
More By This Creator
Popular Quizzes Today
1
Find the US States - No Outlines Minefield
2
Find the Countries of Europe - No Outlines Minefield
3
The Countries of the World
4
Find the US States
5
Popular People in 1961
6
US States
7
Risky Map Clicking: Biggest States A-Z
8
1-10 Letter E Words III
More Sports Quizzes
First Five: Big 4 Runners-up
Published
Trending Quizzes
Risky Map Clicking: Least Populous States A-Z
1-10 Letter G Words
1-10 Letter F Words
Risky Map Clicking: Next State Alphabetically
Risky Map Clicking: Biggest States A-Z
Recently Updated
Leaping Animals
pecheneg
Reality TV Shows (A-Z)
bhenderson79
Rickey Henderson's Hall of Fame Teammates
pecheneg
Champions League XIs: Arsenal
pecheneg
Quick Pick: Celebrities in WWE's Hall of Fame
aduchscher
A-Z Keypad Blitz II
pecheneg
Multiple Oscar Actors
pecheneg
Mystery Phrase Blitz: Oscar 'Best Actors'
pecheneg
F. Scott Fitzgerald Novels
LTH
Pick 3 Villains
ddd62291
Trending Topics
Anime
Kpop
NBA
Disney
Harry Potter
Marvel
Crossword
Song
Puzzle
The Office
Pokémon
Soccer
Country
NFL
WWE
Your Account Isn't Verified!
In order to create a playlist on Sporcle, you need to verify the email address you used during registration. Go to your
Sporcle Settings
to finish the process.
Report this User
Report this user for behavior that violates our
Community Guidelines
.
Details:
Send Report
Go to the Sporcle.com Mobile Site →
Comments